Central Library OPAC University of Rajshahi

বঙ্গবন্ধু : (Record no. 76142)

MARC details
000 -LEADER
fixed length control field 01011nam a22002417a 4500
001 - CONTROL NUMBER
control field 76142
003 - CONTROL NUMBER IDENTIFIER
rucl marc code BD-RjUL
005 - DATE AND TIME OF LATEST TRANSACTION
control field 20211209082811.0
008 - FIXED-LENGTH DATA ELEMENTS--GENERAL INFORMATION
fixed length control field 191031s2020 bg ||||| |||| 00| 0 ben d
020 ## - INTERNATIONAL STANDARD BOOK NUMBER
International Standard Book Number 9789849230311
035 ## - SYSTEM CONTROL NUMBER
System control number (BD-RjUL)76363
040 ## - CATALOGING SOURCE
Original cataloging agency BD-RjUL
Language of cataloging eng
Transcribing agency BD-RjUL
041 ## - LANGUAGE CODE
Language code of text/sound track or separate title eng
082 ## - DEWEY DECIMAL CLASSIFICATION NUMBER
Edition number 23
Classification number 954.9205
Author mark and year BAN 2020
245 ## - TITLE STATEMENT
Title বঙ্গবন্ধু :
Remainder of title ৬ দফা থেকে স্বাধীনতা /
Statement of responsibility, etc. আনু মাহমুদ গ্রন্থিত ও সম্পাদিত
260 ## - PUBLICATION, DISTRIBUTION, ETC. (IMPRINT)
Place of publication, distribution, etc. ঢাকা :
Name of publisher, distributor, etc. আলেয়া বুক,
Date of publication, distribution, etc. ২০২০
300 ## - PHYSICAL DESCRIPTION
Pagination ৩০৪ পৃ. ;
Size ২২ সেমি.
500 ## - GENERAL NOTE
General note বঙ্গবন্ধুর জন্মশতবার্ষিক প্রকাশনা
600 ## - SUBJECT ADDED ENTRY--PERSONAL NAME
Personal name মুজিবুর রহমান,
Titles and other words associated with a name শেখ,
Dates associated with a name ১৯২০-১৯৭৫
Personal name Mujibur Rahman,
Titles and other words associated with a name Sheikh,
Dates associated with a name 1920-1975
700 ## - ADDED ENTRY--PERSONAL NAME
Personal name মাহমুদ, আনু
942 ## - ADDED ENTRY ELEMENTS (KOHA)
Source of classification or shelving scheme Dewey Decimal Classification
Koha item type Books
Holdings
Lost status Source of classification or shelving scheme Damaged status Not for loan Permanent Location Current Location Shelving location Date acquired Source of acquisition Cost, normal purchase price Total Checkouts Full call number Date last seen Copy number Koha item type
  Dewey Decimal Classification   Not For Loan Central Library, University of Rajshahi Central Library, University of Rajshahi Reading Room 29/10/2019 Vidyasagar, Rajshahi 500.00   B 954.9205 BAN 2020 31/10/2019 C-1 Books